| 000 -LEADER |
| fixed length control field |
01081nam a2200325 i 4500 |
| 001 - CONTROL NUMBER |
| control field |
259672 |
| 003 - CONTROL NUMBER IDENTIFIER |
| control field |
OSt |
| 005 - DATE AND TIME OF LATEST TRANSACTION |
| control field |
20180921 |
| 008 - FIXED-LENGTH DATA ELEMENTS--GENERAL INFORMATION |
| fixed length control field |
0000002018 dj 0000000000spa00 |
| 040 ## - CATALOGING SOURCE |
| Original cataloging agency |
DLC |
| Transcribing agency |
DLC |
| 100 ## - ASIENTO PRINCIPAL -- NOMBRE PERSONAL |
| Personal name |
Rondón Silvestre, Claribel |
| 245 ## - TÍTULO PROPIAMENTE DICHO: SUBTÍTULO |
| Title |
Calidad de la prescripción médica en consulta de pediatría en el Hospital Regional Doctor Antonio Musa San Pedro de Macorís enero - abril 2018 |
| Mención de responsabilidad |
Claribel Rondón, Endry Frías; asesora Reina M. Fulgencio, Dinorah Mejía |
| 260 ## - PUBLICATION, DISTRIBUTION, ETC. |
| Place of publication, distribution, etc. |
San Pedro de Macorís : |
| Name of publisher, distributor, etc. |
Universidad Central del Este |
| 300 ## - PHYSICAL DESCRIPTION |
| Extensión |
47 hojas |
| 502 ## - THESIS NOTE |
| Dissertation note |
Tesis (Licenciada en Farmacia)-- Universidad Central del Este, 2018 |
| 504 ## - BIBLIOGRAPHY, ETC. NOTE |
| Bibliography, etc. note |
Incluye bibliografía e índice |
| 650 ## - ASIENTO SECUNDARIO DE MATERIA -- TERMINO TOPICO |
| Asiento secundario de materia |
Farmacología |
| -- |
Medicamentos |
| -- |
Prescripción médica |
| -- |
TC 6206 |
| -- |
Tesis y disertaciones académicas |
| 700 ## - ASIENTO SECUNDARIO -- NOMBRE PERSONAL |
| Personal name |
Frías Solano, Endry Roselina |
| -- |
Fulgencio, Reina M., asesora |
| -- |
Mejía, Dinorah, asesora |
| 942 ## - ADDED ENTRY ELEMENTS (KOHA) |
| Source of classification or shelving scheme |
|
| Koha item type |
Tesis |